| 000 | 00571nam a2200229Ia 4500 | ||
|---|---|---|---|
| 003 | OSt | ||
| 005 | 20230524103556.0 | ||
| 008 | 210423s2012 xx 000 0 und d | ||
| 020 | _a978-81-203-4539-3 | ||
| 040 | _cAL | ||
| 041 | _aeng | ||
| 082 |
_a336 KENP _223 |
||
| 100 |
_aKENNEDY (M Maria John) _9112004 |
||
| 245 | _aPublic finance | ||
| 260 |
_aNew Delhi _bPHI Learning Pvt Ltd _c2012 |
||
| 300 |
_axx,344 _bPB |
||
| 365 |
_b325 _cINR |
||
| 650 |
_aEconomics _9112005 |
||
| 650 |
_aPublic Finance _9112006 |
||
| 906 | _afinance ; Public | ||
| 942 |
_2ddc _cBK |
||
| 999 |
_c165365 _d165365 |
||